Los talleres de la vida /

Furkejuvvon:
Bibliográfalaš dieđut
Váldodahkki: Elizondo Elizondo, Ricardo (autor)
Materiálatiipa: Girji
Giella:espánnjágiella
Almmustuhtton: Monterrey, México : México : Fondo Editorial de Nuevo León : Instituto Tecnológico y de Estudios Superiores de Monterrey ; Fondo de Cultura Económica, 2015, c2015
Ráidu:(Letras Mexicanas)
Fáttát:
Fáddágilkorat: Lasit fáddágilkoriid
Eai fáddágilkorat, Lasit vuosttaš fáddágilkora!

MARC

LEADER 00000nam^a2200000^a^4500
001 000370777
005 20250521000000.0
009 20260310115913.38
020 |a 978-607-8266-69-2 
020 |a 978-607-501-395-4 
020 |a 978-607-16-3187-9 
037 |a Acervo ITESO - Biblioteca 
041 |a ESP 
082 |a 863.  |b ELI 
100 |a Elizondo Elizondo, Ricardo  |e (autor) 
245 1 4 |a Los talleres de la vida /  |c R. Elizondo Elizondo. 
264 4 |a Monterrey, México :  |b Fondo Editorial de Nuevo León :  |b Instituto Tecnológico y de Estudios Superiores de Monterrey ;  |a México :  |b Fondo de Cultura Económica,  |c 2015, c2015 
300 |a 401 p. 
336 |a texto  |b txt  |2 rdacontenido 
337 |a sin mediación  |b n  |2 rdamedio 
338 |a volumen  |b nc  |2 rdasoporte 
440 1 |a (Letras Mexicanas) 
649 |a XX 
650 |a Novela Mexicana 
650 |a Literatura Mexicana -  |y Siglo XXI 
650 |a Vida Cotidiana en la Literatura 
910 |a Fondo General 
920 |a Impresos - Libros 
930 |a Colección General 
940 |a Literatura 
905 |a 101 
901 |a 0500264540  |b IT1  |c LIT  |i C149064  |u 20250521 
902 |a https://opac.biblio.iteso.mx/vufind/Record/000370777